000 00964nam a2200241 a 4500
001 000016634
005 20260115123654.0
008 100308s2002 dr r 000 0 spa d
040 _aDO-SdBNP
_bspa
_cBNPHU
082 _a370.114
_bA958p
100 1 _aÁvila Mejía, Casilda Ma
_936942
245 1 0 _aPromoción y desarrollo de valores en el nivel básico /
_cÁvila Mejía Ma., Ana Antonia García Alejo ; prólogo Josefina Zaiter.
260 _aSanto Domingo :
_bBúho,
_c2002.
300 _a124 p. ;
_c23 cm.
504 _aBibliografía : p. 121-124
650 4 _aEducación primaria
_xAspectos morales y etícos
_zRepública Dominicana
_936943
650 0 _aValores sociales
_91087
650 4 _aEducación para la vida familiar
_xEnseñanza
_936944
650 0 _aEducación moral
_91607
650 4 _aManejo del niño
_xAspectos morales y eticos
_936945
700 1 _aGarcía Alejo, Ana Antonia
_936946
700 1 _aZáiter Mejía, Alba Josefina
_epról.
_92002
999 _c16167
_d16167